书目信息 |
| 题名: |
财政法新论
|
|
| 作者: | 杨萍 著 | |
| 分册: | ||
| 出版信息: | 北京 法律出版社 2000.02 |
|
| 页数: | 407页 | |
| 开本: | 32开 | |
| 丛书名: | ||
| 单 册: | ||
| 中图分类: | D912.2 | |
| 科图分类: | ||
| 主题词: | 法学--部门 | |
| 电子资源: | ||
| ISBN: | 7-5036-3000-0 | |
| 000 | 00529nam0 2200193 45 | |
| 001 | 0010261546 | |
| 005 | 20001026150304.0 | |
| 010 | @a7-5036-3000-0@d23.00元 | |
| 100 | @a20001026d2000 km y0chiy0120 ea | |
| 101 | 0 | @achi |
| 105 | @a z 000yy | |
| 200 | 1 | @a财政法新论@ACai Zheng Fa Xin Lun@f杨萍等著@FYang Ping Deng Zhu |
| 210 | @a北京@c法律出版社@d2000.02 | |
| 215 | @a407页@d32开 | |
| 606 | 0 | @a法学@x部门 |
| 690 | @aD912.2@v3 | |
| 701 | 0 | @a杨萍@4著 |
| 801 | @aCN@bPftUser@c20001026 | |
| 905 | @b190798-800@dD912.2@eY535@f3 | |
| 财政法新论/杨萍等著.-北京:法律出版社,2000.02 |
| 407页;32开 |
| ISBN 7-5036-3000-0:23.00元 |
| ● |
| 相关链接 |
|
|
|
正题名:财政法新论
索取号:D912.2/Y535
 
预约/预借
| 序号 | 登录号 | 条形码 | 馆藏地/架位号 | 状态 | 备注 |
| 1 | 190798 | 201907981 | 社科库509/509社科库 81排1列2层/ [索取号:D912.2/Y535] | 在馆 | |
| 2 | 190799 | 201907990 | 社科库509/509社科库 81排1列2层/ [索取号:D912.2/Y535] | 在馆 | |
| 3 | 190800 | 201908007 | 社科库509/509社科库 81排1列2层/ [索取号:D912.2/Y535] | 在馆 |